000 00824nam a22002417a 4500
003 UA-OsUOA
001 39018
007 ta
008 20080304b un ||||| |||| 00| 0 ukr d
100 _aБалабан В.
700 _aГірка Б.
090 _a94(477).152США
_bБ20
942 _cBK
040 _aUA-OsUOA
_bukr
_cUA-OsUOA
_dUA-OsUOA
245 _aУкраїнці в Тексасі. Матеріяли до історії 200-річчя ЗСА і 100-річчя українців в Америці
_cУпорядкував д-р Іван Овечко (Унів-т Півн. Колорадо)
300 _a160 с.
955 _a1
041 _aukr
080 _a94(477).152США
260 _aЮстон
_c1976
650 7 _a9 Географія. Біографії. Історія
_2UDC
999 _c437529
_d437529